MARC details
| 000 -LEADER |
| fixed length control field |
01584cam a2200385 i 4500 |
| 001 - CONTROL NUMBER |
| control field |
20788094 |
| 005 - DATE AND TIME OF LATEST TRANSACTION |
| control field |
20191204100902.0 |
| 008 - FIXED-LENGTH DATA ELEMENTS--GENERAL INFORMATION |
| fixed length control field |
181220t20182018wlka b 000 0 eng d |
| 010 ## - LIBRARY OF CONGRESS CONTROL NUMBER |
| LC control number |
2018377489 |
| 020 ## - INTERNATIONAL STANDARD BOOK NUMBER |
| International Standard Book Number |
978-178583256-7 |
| 035 ## - SYSTEM CONTROL NUMBER |
| System control number |
(OCoLC)ocn990963149 |
| 040 ## - CATALOGING SOURCE |
| Original cataloging agency |
YDX |
| Language of cataloging |
eng |
| Transcribing agency |
YDX |
| Description conventions |
rda |
| Modifying agency |
BTCTA |
| -- |
UAB |
| -- |
OCLCF |
| -- |
COO |
| -- |
DLC |
| 042 ## - AUTHENTICATION CODE |
| Authentication code |
lccopycat |
| 050 00 - LIBRARY OF CONGRESS CALL NUMBER |
| Classification number |
LB2805 |
| Item number |
.H345 2018 |
| 082 04 - DEWEY DECIMAL CLASSIFICATION NUMBER |
| Classification number |
DC 371.2011 |
| Edition number |
2018 |
| Item number |
H313 |
| 100 1# - MAIN ENTRY--PERSONAL NAME |
| Personal name |
Harris, David, |
| Dates associated with a name |
1960 September 27- |
| Relator term |
author. |
| 9 (RLIN) |
40723 |
| 245 10 - TITLE STATEMENT |
| Title |
Leadership dialogues II : |
| Remainder of title |
leadership in times of change / |
| Statement of responsibility, etc. |
Dave Harris and John West-Burnham. |
| 246 3# - VARYING FORM OF TITLE |
| Title proper/short title |
Leadership dialogues two |
| 260 ## - PUBLICATION, DISTRIBUTION, ETC. (IMPRINT) |
| Place of publication, distribution, etc. |
Bancyfelin: |
| Name of publisher, distributor, etc. |
Crown House Publishing Limited, |
| Date of publication, distribution, etc. |
©2018 |
| 300 ## - PHYSICAL DESCRIPTION |
| Extent |
ii, 206 pages : |
| Other physical details |
illustrations ; |
| Dimensions |
23 cm |
| 500 ## - GENERAL NOTE |
| General note |
First 'edition' authored by John West-Burnham and Dave Harris. |
| 504 ## - BIBLIOGRAPHY, ETC. NOTE |
| Bibliography, etc |
Includes bibliographical references (pages 183-191). |
| 650 #0 - SUBJECT ADDED ENTRY--TOPICAL TERM |
| Topical term or geographic name as entry element |
Educational leadership. |
| 9 (RLIN) |
39599 |
| 650 #0 - SUBJECT ADDED ENTRY--TOPICAL TERM |
| Topical term or geographic name as entry element |
School management and organization. |
| 9 (RLIN) |
39601 |
| 650 #7 - SUBJECT ADDED ENTRY--TOPICAL TERM |
| Topical term or geographic name as entry element |
EDUCATION / Administration / General. |
| Source of heading or term |
bisacsh |
| 9 (RLIN) |
40724 |
| 650 #7 - SUBJECT ADDED ENTRY--TOPICAL TERM |
| Topical term or geographic name as entry element |
EDUCATION / Organizations & Institutions. |
| Source of heading or term |
bisacsh |
| 9 (RLIN) |
40725 |
| 650 #7 - SUBJECT ADDED ENTRY--TOPICAL TERM |
| Topical term or geographic name as entry element |
Educational leadership. |
| Source of heading or term |
fast |
| 9 (RLIN) |
39599 |
| 650 #7 - SUBJECT ADDED ENTRY--TOPICAL TERM |
| Topical term or geographic name as entry element |
School management and organization. |
| Source of heading or term |
fast |
| 9 (RLIN) |
39601 |
| 700 1# - ADDED ENTRY--PERSONAL NAME |
| Personal name |
West-Burnham, John, |
| Dates associated with a name |
1946- |
| Relator term |
author. |
| 9 (RLIN) |
40726 |
| 365 ## - TRADE PRICE |
| Price amount |
2,501.00 |
| Currency code |
Php |
| 906 ## - LOCAL DATA ELEMENT F, LDF (RLIN) |
| a |
7 |
| b |
cbc |
| c |
copycat |
| d |
2 |
| e |
ncip |
| f |
20 |
| g |
y-gencatlg |
| 942 ## - ADDED ENTRY ELEMENTS (KOHA) |
| Source of classification or shelving scheme |
Dewey Decimal Classification |
| Koha item type |
Circulation |